000 00868nas a2200289 4500
001 BR2013010967
003 BR-BrBNA
005 20231205123533.0
007 ta
008 230509b bl.|||p| |||| 00| 00por d
040 _aBR-BrBNA
_bpor
_cBiblioteca Nacional de Agricultura
041 _a(Pt)
072 _aF01; D50
100 1 _aMartins, D. dos S.
100 1 _aFontes, J.R.M.
100 1 _aFornazier, M.J.
100 1 _aAssis, J.S. de
245 1 _aProdução certificada
650 _aMAMÃO
650 _aPRODUÇÃO
650 _aCERTIFICAÇÃO DE PRODUTO
650 _aLEGISLAÇÃO
650 _aRASTREAMENTO
773 0 _tInforme Agropecuário - Empresa de Pesquisa Agropecuária de Minas Gerais (Brazil)
_xISSN 0100-3364
_g(Jul-Aug 2013), v.34(275) p. 89-95
_wBR2013010967
909 _a202311
_bLúcia
_c55
_dLúcia Elande
942 _2AGRIS
_n0
_cANA
999 _c234414
_d234414